00394nam a2200157Ia 4500001000500000005001700005008004100022041000800063082001700071100003400088245006200122260000900184300002700193650000800220654000800228778020260306160520.0260306t2005||||xx |||||||||||||| ||spa|| aESP aS 362.1bL87 aLópez Linares, RobertoeAUT 0aLa salud pública en riesgo:bLos medicamentos en el TLC c2005 a47 páginas :c27 cm. aGEN aCAN